000 00573cam a2200217 a 4500
001 2404151
005 20180116031436.0
008 860108s1986 nyua b 001 0 eng
010 _a 86000571
020 _a0029037603
040 _aDLC
_cDLC
_dDLC
041 _aeng
080 _a658.4012 BOG
082 0 0 _a658.4012 BOG
_219
100 1 _a53
101 _aMEN
245 1 0 _aCorporate strategic analysis /
_cMarcus C. Bogue III, Elwood S. Buffa.
504 _aBibliography: p. 233-239.
906 _a7
_bcbc
_corignew
_d1
_eocip
_f19
_gy-gencatlg
942 _2ddc
_cBK
999 _c40322
_d40322